000 00471nam a2200181Ia 4500
005 20240823054112.0
008 240823s9999||||xx |||||||||||||| ||und||
020 _a978-93-84608-12-5
041 _aENGLISH
082 _A621.3815 Q6
100 _aRavichandran C et al.
245 0 _aLinear Integrated circuits and Applications
250 _a2nd
260 _c2016
_bARS Publica
500 _aYES
650 _aCircuits and Applications
_bElectronics
942 _cBK
999 _c225679
_d225679